000 00872nam a2200217 i 4500
001 26837
003 ES-MaACL
005 20260406131533.0
007 t|
008 030110s1916 sp ||||1| spa d
100 1 _aArriaga, Emiliano de,
_d1844-1919
_923269
245 1 3 _aEl cuarteto, su origen, desarrollo y encantos
_b: conferencia con ejemplos dada en el Círculo de Bellas Artes y Ateneo de Bilbao... 5 de abril de 1916 /
_cEmiliano de Arriaga.
260 _aBilbao :
_b[s.n.,
_c1916?]
300 _a31 p. ;
_c24 cm.
530 _aDisponible en formato digital.
710 2 _aCírculo de Bellas Artes y Ateneo de Bilbao.
_9159222
852 _aES-MaACL
_j1557-F-3
_927852
_cDEPOF
_zRevisado enlace: 28 de Marzo de 2025.
856 4 _uhttp://bdh-rd.bne.es/viewer.vm?id=0000062133&page=1
_yBiblioteca Digital Hispánica
942 _2udc
999 _c26837
_d26837